Culture Générale - Série 1570 - Statistiques

Statistiques générales
  • Ce quiz a été pris 93 fois
  • Le résultat moyen est 4 sur 10
Statistiques - réponses
Question Réponse % Correct
Dans le film "Qui veut la peau de Roger Rabbit ?", quel animal est Roger Rabbit ? lapin
94%
Dans la série d'aventure, proche de Robin des Bois, Thierry de Janville est surnommé : "Thierry la... fronde
91%
Dans quelle discipline artistique l'Allemande Pina Bausch s'est-elle illustrée ? danse
56%
Quel français, prénommé Luc, a remporté la coupe du monde de ski alpin en 1997 ? Luc Alphand
54%
Dans quel roman de Conan Doyle, datant de 1902, les hurlements lugubres d'un animal sont-ils censés annoncer une mort prochaine ? Le Chien des Baskerville
49%
Qui est l'est l'inventeur du moteur à combustion interne portant son nom, conçu pour fonctionner avec de l'huile végétale et non avec du gazole ? Rudolf Diesel
44%
Quel dieu grec, à la fois fils et époux de Gaïa, est le père de Cronos ? Ouranos
26%
Quel dessinateur, disparu en 1983, est l'auteur des albums ““Vive les femmes” et "Gros Dégueulasse" ? Jean-Marc Reiser
17%
En 1973, quel nageur français, prénommé Michel, remporte la médaille d'argent sur 100 m nage libre, aux premiers championnats du monde de natation ? Michel Rousseau
7%
Quelle unité de monnaie et de poids de la Grèce antique valait le sixième de la drachme ? obole
7%
Aucun quiz correspondant
Distribution des résultats
% des personnes avec chaque résultat
Percentile par nombre de réponses
Votre historique - résultats
Vous n’avez pas pris ce quiz